| 000 | 01148cam a22002651a 4500 | ||
|---|---|---|---|
| 001 | e 50000024 | ||
| 003 | DLC | ||
| 005 | 20260227111234.0 | ||
| 008 | 850228s1950 dcua b f000 0 eng c | ||
| 010 | _ae 50000024 | ||
| 035 | _a(OCoLC)11749029 | ||
| 040 |
_aU.S. Office of Education. Library _cABAU _dABAU _dDLC |
||
| 042 | _apremarc | ||
| 050 | 0 | 0 |
_aL111 _b.A6 1950, no. 18 |
| 051 |
_aF199 _b.W7 |
||
| 100 | 1 | _aWillcockson, Mary | |
| 245 | 1 | 0 |
_aKnow your capital city / _cMary Willcockson. |
| 260 |
_aWashington : _bFederal Security Agency, Office of Education : _bFor sale by the Supt. of Docs., U.S. G.P.O., _c1950. |
||
| 300 |
_avi, 39 p. : _bill. ; _c23 cm. |
||
| 490 | 1 |
_aBulletin / Federal Security Agency, Office of Education ; _v1950, no. 18 |
|
| 501 |
_aCopies 1 and 2 of L111.A6 with: State boards of education and chief state school officers / Ward W. Keesecker. Washington : Govt. Print. Off., 1950. Bound together subsequent to publication. _5DLC |
||
| 504 | _aBibliography: p. 38-39. | ||
| 651 | 0 |
_aWashington (D.C.) _xDescription and travel. |
|
| 830 | 0 |
_aBulletin (United States. Office of Education : 1929b) ; _v1950, no. 18 |
|
| 999 |
_c22129 _d22129 |
||